[Event "52nd Ilmar Raud Olympic"]
[Site "Viljandi EST"]
[Date "2018.07.06"]
[Round "2.2"]
[White "Lumiste,Rene"]
[Black "Shirov,A"]
[Result "1/2-1/2"]
[WhiteElo "2111"]
[BlackElo "2637"]

1.Nf3 d5 2.d4 Nf6 3.g3 g6 4.Bg2 Bg7 5.O-O O-O 6.Ne5 c5 7.e3 Nfd7 8.Nxd7 Nxd7
9.Nd2 e5 10.dxe5 Nxe5 11.Nb3 c4 12.Nd4 Bg4 13.Qe1 Nc6 14.h3 Nxd4 15.exd4 Bf5
16.Qc3 Qd7 17.g4 Be6 18.Bf4 a5 19.Rad1 Qb5 20.Be5 f6 21.Bd6 Rfd8 22.Ba3 f5
23.Rfe1 Qd7 24.Qe3 Re8 25.g5 Bf7 26.Qf4 Rxe1+ 27.Rxe1 Re8 28.Kf1 Rxe1+ 29.Kxe1 h6
30.h4 hxg5 31.hxg5 Qa4 32.Qb8+ Kh7 33.Qh2+ Kg8 34.Qb8+ Kh7 35.Qxb7 Qxc2 36.Qxf7 Qb1+
37.Ke2 Qd3+ 38.Ke1 Qb1+ 39.Kd2 Qd3+ 40.Ke1 Qb1+ 41.Kd2 Qd3+ 42.Kc1 c3 43.bxc3 Qxc3+
44.Kd1 Qxd4+ 45.Ke2 Qe5+ 46.Kf1 Qa1+ 47.Ke2 Qxa2+ 48.Kd1 Qb3+ 49.Ke2 Qa2+
50.Kd1 Qb3+ 51.Ke2 Qa2+  1/2-1/2

[Event "52nd Ilmar Raud Olympic"]
[Site "Viljandi EST"]
[Date "2018.07.06"]
[Round "3.1"]
[White "Shvyrjov,I"]
[Black "Shirov,A"]
[Result "0-1"]
[WhiteElo "2372"]
[BlackElo "2637"]

1.Nf3 d5 2.g3 g6 3.Bg2 Bg7 4.d4 Nf6 5.O-O O-O 6.Bf4 c5 7.c3 Qb6 8.Qb3 Qa6
9.dxc5 Nbd7 10.Qa3 Qxa3 11.Nxa3 Nxc5 12.Rfd1 Na4 13.Rd2 Ne4 14.Rc2 Bf5 15.Nd4 Bd7
16.Ndb5 Bc6 17.Rd1 Rfd8 18.Bxe4 dxe4 19.Rcd2 Rxd2 20.Rxd2 e5 21.Be3 a6 22.Na7 Be8
23.Nc4 f5 24.Nb6 Nxb6 25.Bxb6 Kf7 26.c4 Bf8 27.c5 Ke6 28.b3 f4 29.a4 g5 30.e3 Be7
31.Kf1 h5 32.Ke1 h4 33.gxh4 gxh4 34.Ra2 Bh5 35.b4 Rg8 36.exf4 exf4 37.Bc7 Rg1+
38.Kd2 e3+ 39.Kd3 Rd1+  0-1

[Event "52nd Ilmar Raud Olympic"]
[Site "Viljandi EST"]
[Date "2018.07.06"]
[Round "3.2"]
[White "Shirov,A"]
[Black "Shvyrjov,I"]
[Result "1-0"]
[WhiteElo "2637"]
[BlackElo "2372"]

1.e4 d6 2.d4 Nf6 3.Nc3 g6 4.f4 Bg7 5.Nf3 a6 6.e5 dxe5 7.fxe5 Nd5 8.Bc4 Nb6
9.Bb3 O-O 10.h4 Bg4 11.h5 Nc6 12.hxg6 hxg6 13.Qd3 Bf5 14.Ne4 Na5 15.g4 Bxe4
16.Qxe4 Nxb3 17.axb3 Qd5 18.Qe2 Rfd8 19.Bg5 Qe6 20.O-O-O c5 21.Qh2 f6 22.exf6 exf6
23.Qh7+ Kf8 24.Bh6 Qg8 25.Qxg6 Bxh6+ 26.Qxh6+ Qg7 27.Qxg7+ Kxg7 28.dxc5 Nd7
29.Rh5 Nf8 30.Nd4 Kg6 31.c3 Rd7 32.Rdh1 Re8 33.Rh6+ Kg7 34.Nf5+ Kg8 35.Rh8+  1-0

[Event "52nd Ilmar Raud Olympic"]
[Site "Viljandi EST"]
[Date "2018.07.06"]
[Round "4.1"]
[White "Shirov,A"]
[Black "Ladva,O"]
[Result "1/2-1/2"]
[WhiteElo "2637"]
[BlackElo "2498"]

1.e4 e5 2.Nf3 Nf6 3.Nxe5 d6 4.Nf3 Nxe4 5.Nc3 Nxc3 6.dxc3 Be7 7.Be3 Nc6 8.Qd2 Be6
9.O-O-O Qd7 10.Nd4 Nxd4 11.Bxd4 O-O 12.c4 Qd8 13.Qc3 Bf6 14.Bxf6 Qxf6 15.Qxf6 gxf6
16.Bd3 Rae8 17.Rhe1 Bg4 18.f3 Bd7 19.Be4 b6 20.Kd2 f5 21.Bd3 Kg7 22.f4 Kf6
23.Re3 Rxe3 24.Kxe3 Bc6 25.g3 Re8+ 26.Kf2 a5 27.b3 h6 28.a3 Bb7 29.Rd2 Bc6
30.Be2 Bb7 31.c3 Bc6 32.Bd1 Bb7 33.b4 Ra8 34.c5 axb4 35.axb4 bxc5 36.bxc5 dxc5
37.Rd7 Ra2+ 38.Ke3 Rxh2 39.Rxc7 Be4 40.Bf3 Bxf3 41.Kxf3 Rd2 42.Rc6+ Kg7 43.Rxc5 Rd3+
44.Kg2 Kg6 45.Kh3 Rd2 46.c4 h5 47.Rc8 Rc2 48.c5 Kg7 49.c6 Kg6 50.Rg8+  1/2-1/2

[Event "52nd Ilmar Raud Olympic"]
[Site "Viljandi EST"]
[Date "2018.07.07"]
[Round "5.1"]
[White "Kulaots,K"]
[Black "Shirov,A"]
[Result "1-0"]
[WhiteElo "2555"]
[BlackElo "2637"]

1.e4 c5 2.Nf3 d6 3.d4 Nf6 4.Nc3 cxd4 5.Nxd4 g6 6.Be3 Bg7 7.f3 O-O 8.Qd2 Nc6
9.Bc4 Bd7 10.Bb3 Rc8 11.h4 h5 12.O-O-O Ne5 13.Bg5 Rc5 14.Kb1 b5 15.g4 hxg4
16.h5 Nxh5 17.Nd5 Re8 18.Rxh5 gxh5 19.Qh2 gxf3 20.Qxh5 Bg4 21.Qh4 Rc4 22.Bxc4 bxc4
23.Nxe7+ Rxe7 24.Bxe7 Qd7 25.Rh1 f5 26.exf5 Bxf5 27.Bf6 Bg6 28.Bxg7 Qxg7
29.Qd8+ Kf7 30.Qc7+ Kg8 31.Qb8+ Kf7 32.Qxa7+ Kf6 33.Qxg7+ Kxg7 34.Rf1 Be4
35.Kc1 Kf6 36.Kd2 Bb7 37.Nxf3 c3+ 38.bxc3 Ba6 39.Rf2  1-0

[Event "52nd Ilmar Raud Olympic"]
[Site "Viljandi EST"]
[Date "2018.07.07"]
[Round "5.2"]
[White "Shirov,A"]
[Black "Kulaots,K"]
[Result "1-0"]
[WhiteElo "2637"]
[BlackElo "2555"]

1.e4 c5 2.Nf3 d6 3.d4 cxd4 4.Nxd4 Nf6 5.Nc3 Nc6 6.Bg5 e6 7.Qd2 a6 8.O-O-O Bd7
9.f3 Be7 10.h4 h6 11.Be3 h5 12.Kb1 Ne5 13.Qf2 b5 14.Qg3 b4 15.Nce2 a5 16.Qxg7 Rg8
17.Qh6 Bf8 18.Qf4 Nc4 19.Bg1 e5 20.Qc1 Qc7 21.Nf5 Bxf5 22.exf5 a4 23.Bf2 Rh8
24.Rh3 Bh6 25.f4 Ne4 26.Be1 Qb6 27.Rdd3 Ke7 28.Qd1 a3 29.Rb3 axb2 30.Bxb4 Qa7
31.a3 Rhb8 32.Nd4 Nxa3+ 33.Rxa3 Qxd4 34.Qxd4 exd4 35.Rxa8 Rxa8 36.Bd3 Nc3+
37.Kxb2 Bxf4 38.Bc4 Rb8 39.Kb3 Kf6 40.Rd3 Be5 41.Ka3 Ra8+ 42.Kb3 Rb8 43.Ka3 d5
44.Bb3 Bf4 45.Bxc3 dxc3 46.Rxd5 Ra8+ 47.Kb4 Be5 48.Rd7 Rf8 49.Kc5 Kxf5 50.Bxf7 Kg4
51.Bg6 Kxh4 52.Rh7 Kg3 53.Rxh5 Bf4 54.Be4 Re8 55.Bf3 Rd8 56.Kc4 Bd2 57.Rh7 Re8
58.Rf7 Re1 59.Bd5 Re2 60.Kd3 Re3+ 61.Kd4 Re2 62.Be4 Be1 63.Rf3+ Kg4 64.Rd3 Rd2
65.Kxc3 Rxg2+ 66.Kb3 Rf2 67.Bc6 Kf4 68.Rd4+ Ke5 69.Rd5+ Ke6 70.Rd1 Ba5 71.c4 Bb6
72.Bd7+ Ke7 73.Bg4 Bc5 74.Rd5 Be3 75.Re5+  1-0

[Event "52nd Ilmar Raud Olympic"]
[Site "Viljandi EST"]
[Date "2018.07.07"]
[Round "5.3"]
[White "Kulaots,K"]
[Black "Shirov,A"]
[Result "1/2-1/2"]
[WhiteElo "2555"]
[BlackElo "2637"]

1.e4 e5 2.Nf3 Nc6 3.Bb5 a6 4.Ba4 Nf6 5.O-O b5 6.Bb3 Bc5 7.a4 Rb8 8.c3 d6
9.d4 Bb6 10.a5 Ba7 11.h3 O-O 12.Be3 Ra8 13.Nbd2 h6 14.Re1 Re8 15.Qc2 exd4
16.Bxd4 Bd7 17.e5 dxe5 18.Bxe5 Be6 19.Rad1 Nxe5 20.Nxe5 Bxb3 21.Nxb3 Qe7
22.Nc6 Qxe1+ 23.Rxe1 Rxe1+ 24.Kh2 Re6 25.Qf5 Ne4 26.Qd5 Bxf2 27.Ne7+ Kh7
28.Qxa8 Bg3+ 29.Kg1 Rxe7 30.Qd8 Re6 31.Nd4 Rf6 32.Qd5 Bf2+ 33.Kh2 Bg3+ 34.Kg1 Bf2+  1/2-1/2

[Event "52nd Ilmar Raud Olympic"]
[Site "Viljandi EST"]
[Date "2018.07.07"]
[Round "5.4"]
[White "Shirov,A"]
[Black "Kulaots,K"]
[Result "1-0"]
[WhiteElo "2637"]
[BlackElo "2555"]

1.e4 c5 2.Nf3 d6 3.d4 cxd4 4.Nxd4 Nf6 5.Nc3 Nc6 6.Bg5 e6 7.Qd2 a6 8.O-O-O Bd7
9.f3 Be7 10.h4 h6 11.Be3 h5 12.Kb1 Ne5 13.f4 Neg4 14.Bg1 b5 15.Bd3 Qc7 16.Nf3 b4
17.Ne2 Bc6 18.Ng5 Qb7 19.Ng3 a5 20.f5 e5 21.Bc4 O-O 22.Qe2 d5 23.exd5 Nxd5
24.Bxd5 Bxd5 25.Nxh5 Nf6 26.Bc5 Bxc5 27.Nxf6+ gxf6 28.Qg4 fxg5 29.Qxg5+ Kh7
30.f6  1-0

[Event "CellaVision Cup 2018"]
[Site "Lund SWE"]
[Date "2018.08.03"]
[Round "1.2"]
[White "Andersson,L"]
[Black "Shirov,A"]
[Result "0-1"]
[WhiteElo "1996"]
[BlackElo "2631"]

1.f4 g6 2.Nf3 Bg7 3.g3 d6 4.d3 e5 5.Nc3 Ne7 6.Bg2 Nbc6 7.O-O O-O 8.e4 Nd4
9.Nxd4 exd4 10.Ne2 f5 11.Kh1 Bd7 12.Ng1 Bc6 13.Re1 Qd7 14.Nf3 Rae8 15.Re2 Kh8
16.Qg1 fxe4 17.dxe4 Nf5 18.Ne1 Re7 19.Nd3 Rfe8 20.Nf2 Ne3 21.Bf3 Bb5 22.Rd2 c5
23.h4 c4 24.h5 c3 25.bxc3 dxc3 26.Rd3 Nxc2 27.Rb1 Bxd3  0-1

[Event "CellaVision Cup 2018"]
[Site "Lund SWE"]
[Date "2018.08.03"]
[Round "4.2"]
[White "Shirov,A"]
[Black "Cramling,P"]
[Result "1-0"]
[WhiteElo "2631"]
[BlackElo "2453"]

1.e4 c5 2.Nf3 d6 3.d4 cxd4 4.Nxd4 Nf6 5.Nc3 Nc6 6.Bg5 e6 7.Qd2 Be7 8.O-O-O O-O
9.f4 Nxd4 10.Qxd4 Qa5 11.h4 Rd8 12.Bd3 e5 13.Qe3 exf4 14.Qxf4 Be6 15.a3 Qe5
16.Qd2 Rac8 17.Nd5 Nxd5 18.exd5 Bxg5 19.Bxh7+ Kxh7 20.hxg5+ Kg8 21.dxe6 Qxe6
22.Rh3 Rc5 23.Rdh1 Kf8 24.Re1 Re5 25.Rxe5 Qxe5 26.Re3 Qf5 27.b3 Qc5 28.Kb2 Re8
29.Rd3 Re6 30.Rd5 Qe3 31.Qb4 Kg8 32.Qxb7 Qe4 33.Qc8+ Kh7 34.Rb5 Qxg2 35.Qc3 Qf1
36.Rd5 Kg8 37.Qc8+ Kh7 38.Qc3 Kg8 39.Ra5 Qf2 40.Rb5 Qf1 41.a4 Re1 42.Qc8+ Kh7
43.Qf5+ Qxf5 44.Rxf5 Kg6 45.Ra5 Re7 46.Kc3 Kh5 47.b4 Kg4 48.Rd5 Re6 49.b5 f5
50.gxf6 gxf6 51.a5 f5 52.b6 axb6 53.axb6 f4 54.b7 Re8 55.Rxd6 f3 56.Rf6 Rb8
57.Rf7 f2 58.Rxf2 Rxb7 59.Kd4  1-0

[Event "CellaVision Cup 2018"]
[Site "Lund SWE"]
[Date "2018.08.04"]
[Round "5.2"]
[White "Hillarp Persson,T"]
[Black "Shirov,A"]
[Result "0-1"]
[WhiteElo "2542"]
[BlackElo "2631"]

1.Nf3 d5 2.c4 c6 3.g3 g6 4.Qa4 e6 5.Bg2 Nd7 6.Qc2 b5 7.cxd5 cxd5 8.d4 Ba6
9.a3 Qa5+ 10.Nbd2 Rc8 11.Qb1 b4 12.axb4 Qb6 13.O-O Bxe2 14.Re1 Bxf3 15.Nxf3 Bxb4
16.Re2 Ngf6 17.Qa2 a5 18.Bh6 Ng4 19.Bg7 Rg8 20.h3 Rxg7 21.hxg4 Kf8 22.g5 Rg8
23.Qa4 Qc6 24.Qxc6 Rxc6 25.Ne1 Kg7 26.Nd3 Rgc8 27.Bf1 Rc4 28.Nxb4 axb4 29.Re3 Rxd4
30.Ra7 Nc5 31.Bb5 Ne4 32.Bd7 Rc2  0-1

[Event "CellaVision Cup 2018"]
[Site "Lund SWE"]
[Date "2018.08.04"]
[Round "6.1"]
[White "Shirov,A"]
[Black "Hector,J"]
[Result "1-0"]
[WhiteElo "2631"]
[BlackElo "2491"]

1.e4 e5 2.Nf3 Nf6 3.Nxe5 d6 4.Nf3 Nxe4 5.d4 d5 6.Bd3 Nc6 7.O-O Bg4 8.c4 Nf6
9.Nc3 Be7 10.cxd5 Nxd5 11.h3 Be6 12.Ne4 h6 13.a3 O-O 14.Bc2 Re8 15.Ne5 Nf6
16.Nxc6 bxc6 17.Qd3 Qd5 18.Nxf6+ Bxf6 19.Qh7+ Kf8 20.Be4 Qd6 21.Bd2 a5 22.Rac1 Ra6
23.Be3 Bd5 24.Bd3 Rb6 25.Rfe1 Re6 26.Bf5 Rxb2 27.Bxe6 fxe6 28.Rc5 a4 29.Qg6 Qd8
30.Ra5 Bb3 31.d5 Bc2 32.Qg4 Bf5 33.Qxa4 cxd5 34.Bd4 Bxd4 35.Qxd4 Rc2 36.g4 Qh4
37.Rc5 Kg8 38.Rxc2 Bxc2 39.Rxe6 Be4 40.Qc3 c5 41.Qg3 Qd8 42.f3 Qd7 43.Rd6 Qa4
44.fxe4 Qd1+ 45.Kg2 Qe2+ 46.Qf2 Qxe4+ 47.Qf3 Qc2+ 48.Kg3  1-0

[Event "CellaVision Cup 2018"]
[Site "Lund SWE"]
[Date "2018.08.05"]
[Round "7.1"]
[White "Grandelius,N"]
[Black "Shirov,A"]
[Result "1-0"]
[WhiteElo "2658"]
[BlackElo "2631"]

1.e4 e5 2.Nf3 Nc6 3.Bb5 a6 4.Ba4 Nf6 5.O-O b5 6.Bb3 Bc5 7.a4 Rb8 8.c3 d6
9.d4 Bb6 10.a5 Ba7 11.h3 O-O 12.Be3 Ra8 13.Nbd2 h6 14.Re1 Re8 15.Nf1 exd4
16.cxd4 Rxe4 17.Ng3 Re7 18.Qd2 d5 19.Rac1 Qd6 20.Bf4 Rxe1+ 21.Nxe1 Qd7 22.Nf3 Ne4
23.Nxe4 dxe4 24.Rxc6 Qxc6 25.Ne5 Qf6 26.Bxf7+ Kh8 27.Bd5 c6 28.Bxc6 Rb8 29.Bxe4 Bf5
30.Ng4 Bxg4 31.Bxb8 Bxb8 32.hxg4 Bc7 33.g3 Qd8 34.b4 Qe7 35.Bc2 Kg8 36.Qc3 Qd6
37.Qf3 Bd8 38.Bb3+ Kh8 39.Qf7  1-0

[Event "TCh-ESP Div Honor 2018"]
[Site "Linares ESP"]
[Date "2018.08.11"]
[Round "6.2"]
[White "Shirov,A"]
[Black "Forcen Esteban,D"]
[Result "1/2-1/2"]
[WhiteElo "2631"]
[BlackElo "2569"]

1.e4 e6 2.d4 d5 3.Nc3 Nf6 4.e5 Nfd7 5.f4 c5 6.Nf3 Nc6 7.Be3 cxd4 8.Nxd4 Qb6
9.Qd2 Qxb2 10.Rb1 Qa3 11.Bb5 Nxd4 12.Bxd4 a6 13.Bxd7+ Bxd7 14.Rb3 Qe7 15.Rxb7 Rc8
16.O-O Qd8 17.Qe3 Rc4 18.Rfb1 Be7 19.f5 Bg5 20.Qf2 exf5 21.e6 fxe6 22.Bxg7 Rg8
23.Be5 Bf6 24.Rxd7 Kxd7 25.Qa7+ Rc7 26.Bxc7 Qxc7 27.Qxa6 Rb8 28.Rxb8 Qxb8
29.Qa4+ Kd6 30.Qa3+ Kd7 31.Qa4+ Kd6 32.Qa3+  1/2-1/2

[Event "St.Petersburg Rapid 2018"]
[Site "St Petersburg RUS"]
[Date "2018.08.25"]
[Round "1.9"]
[White "Shirov,A"]
[Black "Arbynova,Agniya"]
[Result "1-0"]
[WhiteElo "2631"]
[BlackElo "1827"]

1.d4 d5 2.c4 e6 3.Nc3 c6 4.e3 Nf6 5.Nf3 a6 6.Bd2 Nbd7 7.c5 b6 8.b4 a5 9.a3 Ne4
10.Bd3 f5 11.O-O axb4 12.axb4 Rxa1 13.Qxa1 b5 14.Qa8 Qc7 15.Ra1 Nxd2 16.Nxd2 Qb7
17.Qxb7 Bxb7 18.Ra7 Bc8 19.Rc7 Kd8 20.Rxc6 Nb8 21.Rb6 Nd7 22.Rxb5 Ba6 23.Ra5 Bxd3
24.b5 Kc7 25.Ra7+ Kc8 26.Nb3 e5 27.b6 Nb8 28.Na5 exd4 29.exd4 Bxc5 30.dxc5 Re8
31.Rc7+ Kd8 32.Nb7+  1-0

[Event "St.Petersburg Rapid 2018"]
[Site "St Petersburg RUS"]
[Date "2018.08.25"]
[Round "3.7"]
[White "Shirov,A"]
[Black "Kazakovskiy,Valeriy"]
[Result "1/2-1/2"]
[WhiteElo "2631"]
[BlackElo "2406"]

1.e4 e5 2.Nf3 Nc6 3.Bb5 a6 4.Ba4 Nf6 5.O-O Be7 6.Re1 b5 7.Bb3 O-O 8.d4 d6
9.c3 Bg4 10.Be3 exd4 11.cxd4 Na5 12.Nc3 Nxb3 13.Qxb3 c6 14.Rac1 Rc8 15.Nd2 Be6
16.Qd1 Re8 17.h3 d5 18.e5 Nd7 19.Ne2 c5 20.Nf4 cxd4 21.Rxc8 Qxc8 22.Bxd4 Nf8
23.Nb3 Qc4 24.a3 Rc8 25.Na5 Qc2 26.Bc3 Qxd1 27.Rxd1 Bxa3 28.Nxd5 Bxd5 29.Rxd5 Be7
30.Kf1 Ne6 31.Rd7 Rc7 32.Rxc7 Nxc7 33.Nc6 Bc5 34.Ba5 Ne6 35.b4 Bd4 36.f4 g6
37.g4 Bc3 38.f5 gxf5 39.gxf5 Nd4 40.Nxd4 Bxd4 41.Bc7 Kf8 42.Ke2 Ke7 43.Kd3 Bf2
44.Ke4 Kd7 45.Ba5 Kc6 46.e6 fxe6 47.fxe6 Kd6 48.Kf5 Bd4  1/2-1/2

[Event "St.Petersburg Rapid 2018"]
[Site "St Petersburg RUS"]
[Date "2018.08.25"]
[Round "5.10"]
[White "Shirov,A"]
[Black "Karpenko,Artem"]
[Result "1/2-1/2"]
[WhiteElo "2631"]
[BlackElo "2370"]

1.e4 e6 2.d4 d5 3.e5 c5 4.c3 Qb6 5.Nf3 Nc6 6.a3 Nh6 7.b4 cxd4 8.Bxh6 gxh6
9.cxd4 Bd7 10.Ra2 Rc8 11.Rc2 a5 12.b5 Na7 13.a4 Bb4+ 14.Nbd2 Rg8 15.g3 Rg4
16.Bd3 Rxd4 17.Rxc8+ Nxc8 18.Qc2 Bxd2+ 19.Nxd2 Qd8 20.O-O Rb4 21.Nb3 b6 22.Nd2 Ne7
23.Rc1 Ng6 24.Nf3 Qb8 25.Bxg6 fxg6 26.Qd2 g5 27.h4 g4 28.Qxh6 gxf3 29.Qh5+ Kf8
30.Qxh7 Qxe5 31.Qxd7 Rc4 32.Qd8+ Kf7 33.Qd7+ Kf8 34.Rxc4 Qe1+ 35.Kh2 Qxf2+
36.Kh3 Qf1+ 37.Kg4 Qxc4+ 38.Kxf3 Qe4+ 39.Kf2 Qf5+ 40.Kg2 Qe4+ 41.Kf2 Qf5+  1/2-1/2

[Event "St.Petersburg Rapid 2018"]
[Site "St Petersburg RUS"]
[Date "2018.08.26"]
[Round "7.6"]
[White "Shirov,A"]
[Black "Lugovskoy,M"]
[Result "1/2-1/2"]
[WhiteElo "2631"]
[BlackElo "2405"]

1.e4 e6 2.d4 d5 3.Nc3 Bb4 4.e5 c5 5.a3 Bxc3+ 6.bxc3 Ne7 7.Nf3 b6 8.Bb5+ Bd7
9.a4 Bxb5 10.axb5 Qd7 11.Rb1 a6 12.bxa6 Qc7 13.Qd3 c4 14.Qe2 Rxa6 15.h4 Nbc6
16.h5 h6 17.Rh3 Nf5 18.g4 Nfe7 19.Nh2 Qa7 20.Qd1 Ra1 21.Bd2 Rxb1 22.Qxb1 b5
23.Kf1 b4 24.Kg2 bxc3 25.Bxc3 O-O 26.Nf3 f6 27.exf6 Rxf6 28.Qc1 Qc7 29.Rg3 Qf4
30.Qe1 Qe4 31.Qxe4 dxe4 32.Nd2 Nd5 33.Nxc4 e3 34.Rxe3 Nxe3+ 35.Nxe3 Rf8 36.d5 exd5
37.Nxd5 Ra8 38.Ne3 Nd8 39.Nf5 Ne6 40.Be5 Ra5 41.f4 Ra3 42.c3 Ra1 43.Kf3 Re1
44.c4 Rc1 45.Ke4 Rxc4+ 46.Kd5 Rxf4 47.Nxg7 Rxg4 48.Nxe6 Kf7 49.Nf4 Rg1 50.Ke4 Re1+
51.Kf5 Rf1 52.Bd4 Rb1 53.Nd3 Rf1+ 54.Bf2 Kg7 55.Ke6 Kh7 56.Bc5 Rf3 57.Nf2 Rf4
58.Be3  1/2-1/2

[Event "St.Petersburg Rapid 2018"]
[Site "St Petersburg RUS"]
[Date "2018.08.26"]
[Round "8.9"]
[White "Smirnov,Timofey"]
[Black "Shirov,A"]
[Result "0-1"]
[WhiteElo "2304"]
[BlackElo "2631"]

1.e4 e5 2.Nf3 Nc6 3.Bc4 Bc5 4.c3 Nf6 5.d3 O-O 6.O-O d5 7.exd5 Nxd5 8.Re1 Bg4
9.h3 Bh5 10.Nbd2 Bb6 11.Ne4 f6 12.Ng3 Bf7 13.Bb5 Qd7 14.Be3 a6 15.Ba4 Rad8
16.Bxb6 Nxb6 17.Bc2 Rfe8 18.Qe2 Nd5 19.Rad1 Nf4 20.Qf1 Bxa2 21.d4 Qf7 22.Re3 exd4
23.Rxe8+ Rxe8 24.Kh2 Bc4 25.Qg1 Ne2 26.Nxe2 Bxe2 27.Rd2 Bxf3 28.gxf3 Ne5
29.Qg2 dxc3 30.bxc3 Qc4 31.Be4 Nxf3+ 32.Qxf3 Qxe4 33.Qxe4 Rxe4 34.Rd8+ Kf7
35.Rd7+ Re7  0-1

[Event "St.Petersburg Rapid 2018"]
[Site "St Petersburg RUS"]
[Date "2018.08.26"]
[Round "9.6"]
[White "Shirov,A"]
[Black "Paravyan,D"]
[Result "1/2-1/2"]
[WhiteElo "2631"]
[BlackElo "2630"]

1.e4 c5 2.Nf3 d6 3.d4 cxd4 4.Nxd4 Nf6 5.Nc3 a6 6.h3 e6 7.g4 h6 8.Bg2 Be7
9.Be3 Nc6 10.f4 Nd7 11.O-O Nxd4 12.Qxd4 Qc7 13.Rad1 b5 14.e5 d5 15.f5 Bb7
16.fxe6 fxe6 17.Kh1 h5 18.gxh5 Qxe5 19.Qg4 Qxe3 20.Rde1 Qh6 21.Rxe6 Nf6 22.Qe2 O-O
23.Rxe7 Nxh5 24.Rxf8+ Rxf8 25.Qe5 Nf4 26.Rxb7 Nxg2 27.Qxd5+ Kh8 28.Qxg2 Qc1+
29.Kh2 Qf4+ 30.Kh1 Qc1+ 31.Kh2 Qf4+  1/2-1/2

[Event "St.Petersburg Rapid 2018"]
[Site "St Petersburg RUS"]
[Date "2018.08.26"]
[Round "10.6"]
[White "Fedorov,Alex"]
[Black "Shirov,A"]
[Result "1-0"]
[WhiteElo "2561"]
[BlackElo "2631"]

1.e4 e5 2.Nf3 Nc6 3.Bc4 Bc5 4.O-O Nf6 5.d3 O-O 6.Nbd2 Kh8 7.c3 d6 8.Bb3 Ng8
9.Nc4 f5 10.exf5 Bxf5 11.d4 exd4 12.cxd4 Bb6 13.d5 Na5 14.Nxa5 Bxa5 15.Nd4 Qf6
16.Be3 Rae8 17.Ne6 Bxe6 18.dxe6 Bb6 19.Bxb6 axb6 20.Rc1 Qd8 21.f4 Nf6 22.f5 d5
23.g4 c5 24.Rc3 d4 25.Rh3 b5 26.g5 c4 27.gxf6 Qxf6 28.Bc2 d3 29.Bxd3 Qd4+
30.Rf2 Rxf5 31.Rf3 Qg4+ 32.Kh1 Rxf3 33.Rxf3 Qxe6 34.Bf1 Qe5 35.Qe2 Qxe2 36.Bxe2 g6
37.Rf2 Ra8 38.a3 c3 39.bxc3 Rxa3 40.Rf7 Rxc3 41.Rxb7 b4 42.Rxb4 Kg7 43.Rb7+ Kh6
44.Kg2 Re3 45.Bf3 Rd3 46.Be4 Rd4 47.Kf3 Rd2 48.Kg3 Rd4 49.Re7 Kg5 50.Kf3 Kh6
51.Ke3 Rd1 52.Ra7 Re1+ 53.Kf3 Rf1+ 54.Kg2 Rd1 55.Kg3 Rg1+ 56.Kf2 Rd1 57.Ra5 Rd2+
58.Kg3 Rd4 59.Bf3 Rd3 60.Ra7 Rd4 61.Kf2 Rd2+ 62.Be2 Rd4 63.h3 Kg5 64.Kg3 Kh6
65.Bg4 Re4 66.Kf3 Re1 67.Kf4 Re8 68.Bf3 Rf8+ 69.Ke3 Re8+ 70.Be4 Re5 71.Kf4 Rh5
72.Bg2 Rf5+ 73.Ke3 Re5+ 74.Kd4 Rh5 75.Ke3 Re5+ 76.Kf2 Rh5 77.Kg3 Rg5+ 78.Kh2 Re5
79.Bf3 Rf5 80.Bg4 Re5 81.Kg2 Re3 82.Kf2 Re8 83.Be2 Rg8 84.Bc4 Rg7 85.Ra3 Rc7
86.Bd5 Rd7 87.Be4 Re7 88.Bf3 Kg5 89.Kg3 Rc7 90.Ra5+ Kh6 91.Kf4 Rf7+ 92.Ke3 Rc7
93.Be4 Rc3+ 94.Bd3 Rc7 95.Re5 Kg7 96.Re6 Kh6 97.Re5 Kg7 98.Rd5 Re7+ 99.Kf4 Rf7+
100.Kg4 Kh6 101.h4 Ra7 102.Be4 Re7 103.Kf4 Rf7+ 104.Ke3 Re7 105.Kf3 Rf7+
106.Kg3 Re7 107.Bf3 Ra7 108.h5 Ra6 109.hxg6 hxg6 110.Be4 Rf6 111.Kg4 Rb6
112.Kf4 Re6 113.Rd1 Kg7 114.Rg1 Kh6 115.Bd5 Re7 116.Rh1+ Kg7 117.Ra1 Kh6
118.Ra6 Re1 119.Be4 Rg1 120.Ke5 Kh5 121.Ra8 Re1 122.Rh8+ Kg4 123.Rg8 g5 124.Kd4 Kf4
125.Rf8+ Kg3 126.Rf3+ Kh4 127.Bf5 g4 128.Rf2 g3 129.Ra2 Rf1 130.Ke5 Rf2 131.Ra4+ Kh5
132.Rg4 g2 133.Kf6 g1=Q 134.Rxg1 Kh4 135.Ke5 Re2+ 136.Kf4 Rf2+ 137.Ke4 Re2+
138.Kf3 Ra2 139.Rg8 Kh5 140.Be4 Ra1 141.Kf4 Rf1+ 142.Ke5 Re1 143.Kf4 Rf1+
144.Bf3+ Kh6 145.Ra8 Rf2 146.Rg8 Rf1 147.Rg3 Ra1 148.Be4 Rf1+ 149.Ke5 Kh5
150.Bf5 Kh4 151.Rg4+ Kh5 152.Kf6 Rf3 153.Ra4 Rc3 154.Bg6+  1-0

[Event "5th Arica Open 2018"]
[Site "Arica CHI"]
[Date "2018.12.13"]
[Round "1.1"]
[White "Shirov,A"]
[Black "Aguilar,Pe"]
[Result "1-0"]
[WhiteElo "2643"]
[BlackElo "1977"]

1.e4 e5 2.Nf3 Nc6 3.Bb5 a6 4.Ba4 Nf6 5.O-O Be7 6.Re1 d6 7.c3 Bg4 8.d4 b5
9.Bc2 O-O 10.d5 Na5 11.Nbd2 c5 12.dxc6 Nxc6 13.Nf1 Re8 14.Ne3 Bc8 15.a4 Rb8
16.axb5 axb5 17.b4 Qc7 18.Qd3 Bf8 19.Bd2 g6 20.Bb3 Be6 21.Bd5 Bxd5 22.Nxd5 Nxd5
23.Qxd5 Red8 24.Bg5 Ne7 25.Qd3 Rd7 26.Ra6 h6 27.Bh4 g5 28.Bg3 f6 29.h4 Rb6
30.Rxb6 Qxb6 31.hxg5 hxg5 32.Rd1 Qc6 33.Nh2 Kf7 34.Ng4 Qc4 35.Qxc4+ bxc4
36.Ne3 d5  1-0

[Event "5th Arica Open 2018"]
[Site "Arica CHI"]
[Date "2018.12.14"]
[Round "2.1"]
[White "Cerda Albornoz,G"]
[Black "Shirov,A"]
[Result "0-1"]
[WhiteElo "2188"]
[BlackElo "2643"]

1.e4 e5 2.Nf3 Nc6 3.Bb5 a6 4.Bxc6 dxc6 5.O-O f6 6.d4 Bg4 7.dxe5 Qxd1 8.Rxd1 Bxf3
9.gxf3 fxe5 10.Bg5 Be7 11.Be3 Nf6 12.Nc3 Nd7 13.Ne2 O-O-O 14.Kg2 Rhf8 15.f4 exf4
16.Bxf4 Rde8 17.f3 g5 18.Bg3 Bf6 19.c3 g4 20.Ng1 gxf3+ 21.Nxf3 Rxe4 22.Re1 Ra4
23.Re3 Nb6 24.Ne5 Nd5 25.Re2 h5 26.Nd3 h4 27.Be5 h3+ 28.Kg3  0-1

[Event "5th Arica Open 2018"]
[Site "Arica CHI"]
[Date "2018.12.15"]
[Round "4.1"]
[White "Shabalov,A"]
[Black "Shirov,A"]
[Result "1/2-1/2"]
[WhiteElo "2530"]
[BlackElo "2643"]

1.d4 d5 2.c4 c6 3.Nf3 Nf6 4.Nc3 e6 5.g3 dxc4 6.Bg2 b5 7.Ne5 a6 8.O-O Bb7
9.b3 b4 10.Ne4 Nxe4 11.Bxe4 c3 12.a3 a5 13.Qd3 Bd6 14.Bf4 g5 15.Be3 Bxe5
16.dxe5 Qxd3 17.Bxd3 Nd7 18.axb4 axb4 19.Rxa8+ Bxa8 20.Ra1 O-O 21.Be4 Nxe5
22.Bc5 Rd8 23.Be7 Rc8 24.Bxb4 c5 25.Rxa8 Rxa8 26.Bxc3 Ra2 27.Bb1 Ra3 28.Bxe5 Rxb3
29.Bc2 Rb5 30.Bf6 c4 31.Kf1 g4 32.e3 c3 33.Ke2 Rh5 34.Bxc3 Rxh2 35.e4 h5
36.Bf6 Rh1 37.e5 Ra1 38.Be4 Ra3 39.f3 Rb3 40.Kf2 Ra3 41.Bh4 Kg7 42.Ke2 gxf3+
43.Bxf3 Kh6 44.Be4 Ra5 45.Bf6 Ra3 46.Bd3 Rb3 47.Ke3 Ra3 48.Bh4 Ra4 49.Be7 Rg4
50.Kf3 Rd4 51.Be4 Rc4 52.Kf4 Kg7 53.Bd8 Ra4 54.Bf6+ Kh6 55.Be7 Kg7 56.Kf3 Rc4
57.Ke3 Kh6 58.Bd3 Ra4 59.Ke2 Rd4 60.Bc5 Rg4  1/2-1/2

[Event "5th Arica Open 2018"]
[Site "Arica CHI"]
[Date "2018.12.16"]
[Round "5.2"]
[White "Shirov,A"]
[Black "Martinez Alcantara,Jose Eduardo"]
[Result "1/2-1/2"]
[WhiteElo "2643"]
[BlackElo "2531"]

1.e4 e5 2.Nf3 Nc6 3.Bb5 a6 4.Ba4 d6 5.O-O Bd7 6.d4 exd4 7.Nxd4 b5 8.Nxc6 Bxc6
9.Bb3 Nf6 10.c4 Be7 11.Nc3 O-O 12.Re1 Re8 13.Bf4 Rb8 14.Rc1 Bf8 15.Qc2 b4
16.Ba4 Bxa4 17.Nxa4 Nd7 18.Rcd1 Qf6 19.Bg3 g6 20.b3 h5 21.h3 Rbd8 22.Rd5 Bh6
23.Ra5 h4 24.Bh2 Bf4 25.Bxf4 Qxf4 26.Nb2 Nc5 27.Nd3 Nxd3 28.Qxd3 Re5 29.Rxa6 Rde8
30.Qe3 Qxe3 31.Rxe3 Rxe4 32.Rxe4 Rxe4 33.Rc6 Re7 34.Kf1 Kg7 35.c5 d5 36.Ra6 d4
37.Ra8 Re5 38.Rd8 Rxc5 39.Rxd4 Rc1+ 40.Ke2 c5 41.Rxh4 Rc2+ 42.Ke3 Rxa2 43.Rc4  1/2-1/2

[Event "5th Arica Open 2018"]
[Site "Arica CHI"]
[Date "2018.12.17"]
[Round "6.3"]
[White "Rodriguez Vila,A"]
[Black "Shirov,A"]
[Result "0-1"]
[WhiteElo "2489"]
[BlackElo "2643"]

1.e4 c5 2.Nf3 Nc6 3.d4 cxd4 4.Nxd4 Nf6 5.Nc3 e5 6.Ndb5 d6 7.Nd5 Nxd5 8.exd5 Ne7
9.c4 Ng6 10.h4 a6 11.h5 Nh4 12.Nc3 Be7 13.a4 O-O 14.a5 Nf5 15.Bd3 Bg5 16.Ra3 Nh6
17.b4 f5 18.Na4 e4 19.Bc2 Ng4 20.Nb6 e3 21.Bxe3 Re8 22.Nxa8 f4 23.Qd3 g6
24.hxg6 fxe3 25.f3 Nf2 26.Qf1 Qf6 27.gxh7+ Kh8 28.Ke2 Bf5 29.Qa1 Nxh1 30.Qxf6+ Bxf6
31.Nc7 Ng3+ 32.Ke1 Bb2 33.Rb3 Bxc2 34.Rxb2 Re5  0-1

[Event "5th Arica Open 2018"]
[Site "Arica CHI"]
[Date "2018.12.17"]
[Round "7.2"]
[White "Shirov,A"]
[Black "Stupak,K"]
[Result "1-0"]
[WhiteElo "2643"]
[BlackElo "2557"]

1.e4 e6 2.d4 d5 3.e5 c5 4.c3 Qb6 5.Nf3 Nc6 6.a3 f6 7.Bd3 fxe5 8.dxe5 c4 9.Bc2 g6
10.O-O Bg7 11.Nbd2 Bd7 12.b3 cxb3 13.Bxb3 Nge7 14.c4 Nxe5 15.Nxe5 Bxe5 16.Rb1 Qd6
17.cxd5 exd5 18.Re1 Bc6 19.Qg4 Bg7 20.Re6 Qd7 21.Qe2 Rf8 22.Nf3 Rf6 23.Re3 h6
24.Bd2 g5 25.Re1 Rf7 26.Ne5 Bxe5 27.Rxe5 Rd8 28.Re6 Rh7 29.Qe5 Kf8 30.Qf6+ Kg8
31.Bc2  1-0

[Event "5th Arica Open 2018"]
[Site "Arica CHI"]
[Date "2018.12.18"]
[Round "8.1"]
[White "Shirov,A"]
[Black "Amonatov,F"]
[Result "1-0"]
[WhiteElo "2643"]
[BlackElo "2614"]

1.e4 c5 2.Nf3 d6 3.d4 cxd4 4.Nxd4 Nf6 5.Nc3 a6 6.h3 e5 7.Nb3 Be6 8.f4 Nbd7
9.f5 Bxb3 10.axb3 d5 11.exd5 Bb4 12.Bd2 O-O 13.Qe2 a5 14.g4 Bxc3 15.bxc3 Nxd5
16.Bg2 Nf4 17.Bxf4 exf4 18.O-O Qc7 19.Qd2 Rac8 20.c4 b6 21.Qxf4 Rfe8 22.Rad1 Re2
23.g5 Rxc2 24.Qxc7 Rxc7 25.Rfe1 Kf8 26.Rd6 f6 27.Red1 Ne5 28.gxf6 gxf6  1-0

[Event "30th Roquetas de Mar Open"]
[Site "Roquetas de Mar ESP"]
[Date "2019.01.02"]
[Round "1.1"]
[White "Perez Perez,Gabriel"]
[Black "Shirov,A"]
[Result "0-1"]
[WhiteElo "1975"]
[BlackElo "2643"]

1.Nf3 d5 2.d4 Nf6 3.c4 e6 4.Nc3 c6 5.e3 Nbd7 6.Bd3 dxc4 7.Bxc4 b5 8.Bd3 Bb7
9.O-O a6 10.a4 b4 11.Ne4 c5 12.Nxc5 Bxc5 13.dxc5 Nxc5 14.Bc4 O-O 15.Qe2 a5
16.Rd1 Qb6 17.b3 Ba6 18.Rb1 Nd5 19.Bd2 Ne4 20.Ne5 Ndc3 21.Bxc3 Nxc3 22.Qf3 Qc7
23.Nd7 Bxc4 24.Nxf8 Bd5 25.e4 Bxe4 26.Rd7 Qxd7  0-1